Russia in the Eurovision Song Contest - Statistics

General Stats
  • This quiz has been taken 21 times
  • The average score is 11 of 23
Answer Stats
Answer % Correct
A Million Voices
84%
Believe
84%
Russian Woman
84%
Scream
84%
Never Let You Go
74%
Party for Everybody
74%
Shine
63%
Solo
63%
What If
63%
Song #1
58%
You Are The Only One
58%
Mamo (Мамо)
53%
Get You
47%
I Won't Break
37%
Lost and Forgotten
32%
Primadonna (Примадонна)
32%
Believe Me
26%
Ne ver', ne boysia (Не верь, не бойся)
26%
Northern Girl
26%
Kolybelnaya dlya vulkana (Колыбельная для вулкана)
21%
Vechny strannik (Вечный странник)
21%
Lady Alpine Blue
16%
Nobody Hurt No One
16%
No matching quizzes found
Score Distribution
Percent of People with Each Score
Percentile by Number Answered
Your Score History
You have not taken this quiz